Arsenal FC Squad 2003-2004 - Statistics

General Stats
  • This quiz has been taken 35 times
  • The average score is 13 of 32
Answer Stats
# Position Nation Player % Correct
14 FW France Thierry Henry
96%
4 MF France Patrick Vieira
83%
10 FW Netherlands Dennis Bergkamp
79%
1 GK Germany Jens Lehmann
79%
7 MF France Robert Pirès
79%
3 DF England Ashley Cole
75%
- Coach France Arsène Wenger
71%
19 MF Brazil Gilberto Silva
67%
28 DF Ivory Coast Kolo Touré
67%
8 MF Sweden Freddie Ljungberg
63%
23 DF England Sol Campbell
63%
11 FW France Sylvain Wiltord
63%
12 DF Cameroon Laurén
58%
25 FW Nigeria Nwankwo Kanu
58%
22 DF France Gaël Clichy
42%
5 DF England Martin Keown
42%
17 MF Brazil Edú Gaspar
29%
9 FW Spain José Antonio Reyes
29%
20 DF Switzerland Philippe Senderos
29%
15 MF England Ray Parlour
29%
18 DF France Pascal Cygan
25%
30 FW France Jérémie Aliadière
21%
24 GK Sweden Rami Shaaban
17%
45 DF Trinidad and Tobago Justin Hoyte
8%
55 MF Iceland Ólafur Ingi Skúlason
4%
37 MF England David Bentley
0%
51 DF United States Frank Simek
0%
33 GK Ireland Graham Stack
0%
52 FW England John Spicer
0%
32 FW Czech Republic Michal Papadopulos
0%
27 DF Greece Stathis Tavlaridis
0%
13 GK England Stuart Taylor
0%
No matching quizzes found
Score Distribution
Percent of People with Each Score
Percentile by Number Answered
Your Score History
You have not taken this quiz